| 000 | 01191nam a2200313Ia 4500 | ||
|---|---|---|---|
| 001 | ebr10371746 | ||
| 003 | CaPaEBR | ||
| 006 | m u | ||
| 007 | cr cn||||||||| | ||
| 008 | 070313s2007 ne a sf 000 0 eng d | ||
| 010 | _z 2007010796 | ||
| 020 | _z9780750683951 (pbk.) | ||
| 020 | _z0750683953 (pbk.) | ||
| 040 |
_aCaPaEBR _cCaPaEBR |
||
| 035 | _a(OCoLC)647887981 | ||
| 050 | 1 | 4 |
_aTK6634 _b.J33 2007eb |
| 082 | 0 | 4 |
_a778.59 _222 |
| 100 | 1 |
_aJack, Keith, _d1955- |
|
| 245 | 1 | 0 |
_aVideo demystified _h[electronic resource] : _ba handbook for the digital engineer / _cKeith Jack. |
| 250 | _a5th ed. | ||
| 260 |
_aAmsterdam ; _aBoston : _bNewnes/Elsevier, _cc2007. |
||
| 300 |
_axix, 920 p. : _bill. |
||
| 533 |
_aElectronic reproduction. _bPalo Alto, Calif. : _cebrary, _d2010. _nAvailable via World Wide Web. _nAccess may be limited to ebrary affiliated libraries. |
||
| 650 | 0 |
_aTelevision _vHandbooks, manuals, etc. |
|
| 650 | 0 |
_aDigital video _vHandbooks, manuals, etc. |
|
| 655 | 7 |
_aElectronic books. _2local |
|
| 710 | 2 | _aebrary, Inc. | |
| 856 | 4 | 0 |
_uhttp://site.ebrary.com/lib/rucke/Doc?id=10371746 _zAn electronic book accessible through the World Wide Web; click to view |
| 999 |
_c98611 _d98611 |
||